Score 0/15 Timer 02:00
0 Plays Today
Scrambled Movie % Correct
DGOO LIWL NUINGTHGood Will Hunting
95.3%
UKSTC NO UOYStuck on You
93.1%
UTRE RTGITrue Grit
88.6%
NREGE NOZEGreen Zone
86.8%
NUEBOR TTIYNEDIBourne Identity
76.8%
HET ORSHBTRE MIGRMThe Brothers Grimm
73.8%
ENROUB MATTUMULIBourne Ultimatum
73.6%
YSICMT ZAPIZMystic Pizza
72.2%
Scrambled Movie % Correct
VNAIGS VAPTERI RNAYSaving Private Ryan
66.4%
NOCAES VNEELEOcean's Eleven
61.3%
TEH MATTSDJUEN BEAURUThe Adjustment Bureau
52.2%
USVTIINCInvictus
46.8%
AENOSC EERTNTHIOcean's Thirteen
46.1%
EHT TDDEERAPThe Departed
42.2%
ETH MOFINNTARThe Informant
23.5%

You're not logged in!

Compare scores with friends on all Sporcle quizzes.
OR
Log In

Sporcle TV

Today on Sporcle TV


Watch our educational content, quiz creation guides, and fun videos on Sporcle TV.

Show Comments

Extras

Top Quizzes Today


Score Distribution

Paid Content

Your Account Isn't Verified!

In order to create a playlist on Sporcle, you need to verify the email address you used during registration. Go to your Sporcle Settings to finish the process.

Report this User

Report this user for behavior that violates our Community Guidelines.

Details: